000 00836nmm a2200265 a 4500
001 ocm0001232123
003 TR-IsHL
005 20201028155947.0
008 150709s2010 tu tur
007 cr cn
020 _a9786053842415
035 _a1232123
_b(N$T)
050 0 4 _aPL248.B57
_bK35 2010
090 0 4 _aPL248.B57
_bK35 2010
100 1 _aBirgölge, Melike
245 1 0 _aKalbinden öpüyorum seni
_h[electronic resource] /
_cMelike Birgölge
260 _aİstanbul :
_bSonsuz Kitap,
_c2010
300 _a249 p.
650 4 _aDil ve Edebiyat
650 4 _aLanguage and Literature
650 0 _aTürk denemeleri
650 0 _aTurkish essays
650 7 _aLITERARY COLLECTIONS / Middle Eastern
_2bisacsh
856 4 0 _uhttp://search.ebscohost.com/login.aspx?direct=true&scope=site&db=e011xww&AN=1232123
999 _c13355
_d13355